[Event "Madrid-ch 2018-2019 - Previa A"]
[Site "Madrid ESP"]
[Date "2019.02.12"]
[Round "6.11"]
[White "Garcia Sanz, Eduardo"]
[Black "Garcia Diez, Mariano"]
[Result "1-0"]
[WhiteElo "1775"]
[BlackElo "1863"]
[PlyCount "57"]
[EventDate "2019.02.04"]
[EventType "swiss"]
[EventRounds "9"]
[EventCountry "ESP"]
[SourceTitle "Ajedrez en Madrid"]
[Source "lmi"]
[SourceDate "2019.02.04"]
[SourceVersion "1"]
[SourceVersionDate "2019.02.22"]
[SourceQuality "1"]

1. d4 f5 2. Nf3 Nf6 3. c4 e6 4. g3 d5 5. cxd5 exd5 6. Bg2 Bd6 7. O-O Qe7 8. Bf4
Nbd7 9. Bxd6 Qxd6 10. Nh4 Qe6 11. Bh3 Ng4 12. Qc2 Ndf6 13. Qxc7 g5 14. Nf3 Rg8
15. Bxg4 Nxg4 16. Nc3 Qh6 17. Nb5 Rg6 18. Rac1 a6 19. Na7 Bd7 20. Qxb7 Rd8 21.
Rc5 Qh3 22. Rc6 Nf6 23. Rxa6 f4 24. Rxf6 Rxf6 25. Qxd5 g4 26. Qe5+ Re6 27. Qh8+
Kf7 28. Ng5+ Kg6 29. Nxh3 1-0

[Event "Madrid-ch 2018-2019 - Previa A"]
[Site "Madrid ESP"]
[Date "2019.02.12"]
[Round "6.12"]
[White "Lopez Orellana, Federico"]
[Black "Garcia Galeote, Lorenzo"]
[Result "0-1"]
[WhiteElo "1732"]
[BlackElo "1855"]
[PlyCount "60"]
[EventDate "2019.02.04"]
[EventType "swiss"]
[EventRounds "9"]
[EventCountry "ESP"]
[SourceTitle "Ajedrez en Madrid"]
[Source "lmi"]
[SourceDate "2019.02.04"]
[SourceVersion "1"]
[SourceVersionDate "2019.02.22"]
[SourceQuality "1"]

1. d4 Nf6 2. Bg5 g6 3. e3 Bg7 4. Nd2 O-O 5. Ngf3 d6 6. Be2 Nbd7 7. c3 b6 8. O-O
Bb7 9. Qc2 c5 10. Rac1 Rc8 11. Qb1 Rc7 12. b4 Qa8 13. c4 cxb4 14. Qxb4 Rfc8 15.
Qa3 h6 16. Bxf6 Nxf6 17. Nb3 Ne4 18. Rfd1 Ng5 19. Ne1 h5 20. h4 Ne4 21. Nd2 Nf6
22. Bf3 Bh6 23. Bxb7 Qxb7 24. Nef3 Ne4 25. Nxe4 Qxe4 26. Nd2 Qxh4 27. Nb3 Qg4
28. Qb4 Rxc4 29. f3 Bxe3+ 30. Kf1 Qg3 0-1

[Event "Madrid-ch 2018-2019 - Previa A"]
[Site "Madrid ESP"]
[Date "2019.02.12"]
[Round "6.14"]
[White "De Vicente Guijarro, Juan"]
[Black "Cano Mercado, Francisco Manuel"]
[Result "0-1"]
[WhiteElo "1867"]
[BlackElo "1739"]
[PlyCount "114"]
[EventDate "2019.02.04"]
[EventType "swiss"]
[EventRounds "9"]
[EventCountry "ESP"]
[SourceTitle "Ajedrez en Madrid"]
[Source "lmi"]
[SourceDate "2019.02.04"]
[SourceVersion "1"]
[SourceVersionDate "2019.02.22"]
[SourceQuality "1"]

1. f4 Nf6 2. Nf3 g6 3. g3 Bg7 4. Bg2 d5 5. O-O O-O 6. Qe1 c5 7. d3 Nc6 8. Nc3
Nb4 9. Qd1 d4 10. Ne4 Nxe4 11. dxe4 Nc6 12. Qd3 Nb4 13. Qd1 Be6 14. Ng5 Bc4 15.
a3 Nc6 16. Rb1 a5 17. b3 Ba6 18. Bd2 e6 19. Qe1 Qd7 20. Qf2 f5 21. Qf3 h6 22.
Nh3 Ne7 23. Kh1 b6 24. e5 Nd5 25. Nf2 Bb7 26. Qd3 Ba6 27. Qf3 Bb7 28. c4 dxc3
29. Bxc3 Ra7 30. Rfd1 Qe7 31. Qd3 Ba6 32. Qf3 Bxe2 33. Qxe2 Nxc3 34. Qc4 Nxd1
35. Rxd1 Rd7 36. Nd3 Rd4 37. Qb5 Rfd8 38. Bc6 Qc7 39. a4 Rxd3 40. Rxd3 Rxd3 41.
Qxd3 Qxc6+ 42. Kg1 Bf8 43. Qd8 c4 44. bxc4 Qxc4 45. Qf6 Qc6 46. Kf1 Qc4+ 47.
Ke1 Bb4+ 48. Kf2 Bc5+ 49. Kg2 Bf8 50. Qxg6+ Bg7 51. Qe8+ Kh7 52. Qd7 Qd5+ 53.
Qxd5 exd5 54. Kf3 Bf8 55. g4 Kg6 56. h4 fxg4+ 57. Kxg4 h5+ 0-1

[Event "Madrid-ch 2018-2019 - Previa A"]
[Site "Madrid ESP"]
[Date "2019.02.12"]
[Round "6.15"]
[White "Andrade Sandoval, Bianca"]
[Black "Becerra Baigorri, Jose"]
[Result "1/2-1/2"]
[WhiteElo "1981"]
[BlackElo "1479"]
[PlyCount "116"]
[EventDate "2019.02.04"]
[EventType "swiss"]
[EventRounds "9"]
[EventCountry "ESP"]
[SourceTitle "Ajedrez en Madrid"]
[Source "lmi"]
[SourceDate "2019.02.04"]
[SourceVersion "1"]
[SourceVersionDate "2019.02.22"]
[SourceQuality "1"]

1. d4 d5 2. Bf4 Bf5 3. e3 e6 4. Bd3 Bxd3 5. cxd3 Bb4+ 6. Nc3 Nc6 7. Nf3 Nf6 8.
O-O Bxc3 9. bxc3 h6 10. h3 O-O 11. Re1 Re8 12. Rb1 b6 13. c4 dxc4 14. dxc4 Qe7
15. Qa4 Na5 16. c5 Nd5 17. Rec1 Nxf4 18. exf4 Qf6 19. g3 Red8 20. cxb6 cxb6 21.
Kg2 Qf5 22. Rb2 Qd5 23. Rbc2 Qd7 24. Qxd7 Rxd7 25. Rc7 Rad8 26. Ne5 Rxc7 27.
Rxc7 f6 28. Nf3 Kf8 29. Rxa7 Nc6 30. Rb7 Nxd4 31. Nxd4 Rxd4 32. Rxb6 Ra4 33.
Rxe6 Rxa2 34. f5 Kf7 35. Rb6 Ra3 36. g4 Ra7 37. Kg3 Ra3+ 38. f3 Kg8 39. Rb7 Kh7
40. Rb8 Rc3 41. h4 Ra3 42. Rb7 Rc3 43. g5 hxg5 44. hxg5 Rc6 45. g6+ Kh6 46. Re7
Kg5 47. Rxg7 Kxf5 48. Rg8 Rc1 49. Kf2 Rc2+ 50. Ke3 Rc3+ 51. Ke2 Rc2+ 52. Kd3
Rg2 53. g7 Kg6 54. Ke4 Kf7 55. Rb8 Kxg7 56. Kf4 Ra2 57. Re8 Kf7 58. Re4 Ra5
1/2-1/2

[Event "Madrid-ch 2018-2019 - Previa A"]
[Site "Madrid ESP"]
[Date "2019.02.12"]
[Round "6.16"]
[White "Caamaño Jimenez, Luis"]
[Black "Lopez de Turiso, Jose Angel"]
[Result "1/2-1/2"]
[WhiteElo "1709"]
[BlackElo "1970"]
[PlyCount "69"]
[EventDate "2019.02.04"]
[EventType "swiss"]
[EventRounds "9"]
[EventCountry "ESP"]
[SourceTitle "Ajedrez en Madrid"]
[Source "lmi"]
[SourceDate "2019.02.04"]
[SourceVersion "1"]
[SourceVersionDate "2019.02.22"]
[SourceQuality "1"]

1. d4 e6 2. Nf3 Nf6 3. Bg5 h6 4. Bh4 c5 5. c3 d5 6. dxc5 Bxc5 7. e3 O-O 8. Nbd2
b6 9. Nb3 Be7 10. Be2 Ba6 11. Bg3 Bxe2 12. Qxe2 Ne4 13. Rd1 Nd7 14. Nfd2 Nxg3
15. hxg3 Qc7 16. Nf3 Nf6 17. Nh4 Rfc8 18. f4 Ne4 19. Qg4 f5 20. Qf3 Bf6 21. Nd4
Bxd4 22. Rxd4 Qf7 23. g4 fxg4 24. Qxg4 e5 25. Nf5 Kh7 26. Rxd5 Nf6 27. Nxh6
gxh6 28. Qh4 Qg7 29. Rd6 Ng4 30. f5 Rc4 31. Rg6 Qf7 32. Rxg4 Rxg4 33. Qxg4 Qf6
34. e4 Rg8 35. Qf3 1/2-1/2

[Event "Madrid-ch 2018-2019 - Previa A"]
[Site "Madrid ESP"]
[Date "2019.02.12"]
[Round "6.17"]
[White "Lizon Martinez, Santiago"]
[Black "Garcia Prados, David"]
[Result "0-1"]
[WhiteElo "1663"]
[BlackElo "1880"]
[PlyCount "112"]
[EventDate "2019.02.04"]
[EventType "swiss"]
[EventRounds "9"]
[EventCountry "ESP"]
[SourceTitle "Ajedrez en Madrid"]
[Source "lmi"]
[SourceDate "2019.02.04"]
[SourceVersion "1"]
[SourceVersionDate "2019.02.22"]
[SourceQuality "1"]

1. e4 c5 2. Nf3 e6 3. d4 cxd4 4. Nxd4 Nc6 5. Be3 Nf6 6. Bd3 a6 7. Nc3 Bb4 8.
O-O O-O 9. Kh1 Bxc3 10. bxc3 d5 11. Nxc6 bxc6 12. e5 Nd7 13. f4 f5 14. g4 g6
15. Rg1 Qe7 16. gxf5 exf5 17. Qh5 Qg7 18. Qh4 c5 19. e6 d4 20. Rab1 dxe3 21.
exd7 Bxd7 22. Bc4+ Kh8 23. Rb6 Be8 24. Bd5 Ra7 25. c4 Qe7 26. Qh6 Rf6 27. Rb8
e2 28. Qh4 Kg7 29. Re1 Bf7 30. Qf2 Bxd5+ 31. cxd5 Qe4+ 32. Kg1 Qxd5 33. Qxe2
Qd4+ 34. Qf2 Rd7 35. Rbe8 Qxf2+ 36. Kxf2 Rd2+ 37. R1e2 Rfd6 38. R8e7+ Kh6 39.
Ke3 Rxe2+ 40. Kxe2 Rd4 41. Ke3 Rc4 42. Ra7 Rc3+ 43. Kd2 Rf3 44. Rxa6 Rxf4 45.
Rc6 Ra4 46. Rxc5 Rxa2 47. Kd3 Kg5 48. Rc7 h5 49. c4 Rxh2 50. c5 h4 51. c6 Rh1
52. Kd2 Ra1 53. Rh7 Ra8 54. Ke2 Rc8 55. c7 Kg4 56. Kf2 g5 0-1

[Event "Madrid-ch 2018-2019 - Previa A"]
[Site "Madrid ESP"]
[Date "2019.02.12"]
[Round "6.18"]
[White "Villodre Miranda, Juan Alonso"]
[Black "Martin Vazquez, Jose Luis"]
[Result "1-0"]
[WhiteElo "1603"]
[BlackElo "1832"]
[PlyCount "78"]
[EventDate "2019.02.04"]
[EventType "swiss"]
[EventRounds "9"]
[EventCountry "ESP"]
[SourceTitle "Ajedrez en Madrid"]
[Source "lmi"]
[SourceDate "2019.02.04"]
[SourceVersion "1"]
[SourceVersionDate "2019.02.22"]
[SourceQuality "1"]

1. c4 Nf6 2. Nc3 g6 3. e4 d6 4. g3 Bg7 5. Bg2 O-O 6. Nge2 c5 7. d3 Nc6 8. O-O
a6 9. h3 Rb8 10. a4 Nd7 11. Be3 Nd4 12. Rb1 Nxe2+ 13. Nxe2 b5 14. axb5 axb5 15.
b3 b4 16. d4 Bb7 17. d5 Ra8 18. Qd2 Ra3 19. Bh6 Qa5 20. Bxg7 Kxg7 21. Ra1 Ra8
22. Qb2+ Kg8 23. Rxa3 Qxa3 24. Rb1 Qxb2 25. Rxb2 Ra1+ 26. Bf1 Ne5 27. Nf4 Bc8
28. Kg2 g5 29. Nd3 Bxh3+ 30. Kxh3 Rxf1 31. Nxe5 dxe5 32. Kg4 Kg7 33. Kf5 h5 34.
Kxe5 Rd1 35. Kf5 Rd3 36. e5 Rf3+ 37. Ke4 g4 38. d6 exd6 39. exd6 Kf6 1-0

[Event "Madrid-ch 2018-2019 - Previa A"]
[Site "Madrid ESP"]
[Date "2019.02.12"]
[Round "6.19"]
[White "Gortazar Rubial, Javier Maria"]
[Black "Fernandez Rios, Jose Francisco"]
[Result "1/2-1/2"]
[WhiteElo "1601"]
[BlackElo "1780"]
[PlyCount "76"]
[EventDate "2019.02.04"]
[EventType "swiss"]
[EventRounds "9"]
[EventCountry "ESP"]
[SourceTitle "Ajedrez en Madrid"]
[Source "lmi"]
[SourceDate "2019.02.04"]
[SourceVersion "1"]
[SourceVersionDate "2019.02.22"]
[SourceQuality "1"]

1. e4 c5 2. Nc3 Nc6 3. g3 g6 4. Bg2 Bg7 5. d3 e6 6. f4 Nge7 7. Nf3 O-O 8. O-O
Nd4 9. Ne2 Nec6 10. c3 Nxf3+ 11. Bxf3 Rb8 12. Be3 b6 13. d4 cxd4 14. Nxd4 Ba6
15. Rf2 Ne7 16. Rd2 Qc7 17. Nxe6 dxe6 18. Rd7 Qc8 19. Rxe7 Rd8 20. Qe1 Rd3 21.
Rd1 Rxe3 22. Qxe3 Bf8 23. Red7 Bc5 24. R7d4 e5 25. fxe5 Qe6 26. Kg2 Kg7 27. Qd2
Qxa2 28. Rd5 Re8 29. b4 Qxd2+ 30. R1xd2 Be3 31. R2d4 Rc8 32. b5 Bxd4 33. cxd4
Rc2+ 34. Kg1 Bc8 35. Bg2 Rc1+ 36. Kf2 Rc2+ 37. Kf3 g5 38. g4 Rc3+ 1/2-1/2

[Event "Madrid-ch 2018-2019 - Previa A"]
[Site "Madrid ESP"]
[Date "2019.02.12"]
[Round "6.20"]
[White "Martinez Pascual, Gonzalo"]
[Black "Valencia De Loma, Sergio"]
[Result "0-1"]
[WhiteElo "1422"]
[BlackElo "1757"]
[PlyCount "82"]
[EventDate "2019.02.04"]
[EventType "swiss"]
[EventRounds "9"]
[EventCountry "ESP"]
[SourceTitle "Ajedrez en Madrid"]
[Source "lmi"]
[SourceDate "2019.02.04"]
[SourceVersion "1"]
[SourceVersionDate "2019.02.22"]
[SourceQuality "1"]

1. c4 f5 2. g3 Nf6 3. Bg2 e6 4. Nc3 c6 5. d3 d5 6. cxd5 exd5 7. d4 Be6 8. Nf3
Bd6 9. O-O Qc7 10. Ng5 Bf7 11. Nxf7 Kxf7 12. Qc2 g6 13. Bg5 Nbd7 14. Rac1 Rac8
15. a3 h6 16. Bxf6 Nxf6 17. Na4 h5 18. h4 Bxg3 19. fxg3 Qxg3 20. Rf3 Qxh4 21.
Qd3 Rhe8 22. Rh3 Qg5 23. Rf1 Ng4 24. Qf3 Re4 25. Qb3 Ne3 26. Rf2 Rc7 27. Nc5
Ree7 28. Kh2 Ng4+ 29. Kg1 Nxf2 30. Kxf2 Qf4+ 31. Ke1 Qxd4 32. Nd3 Qg1+ 33. Bf1
Re3 34. Rxe3 Qxe3 35. Qc3 d4 36. Qc4+ Kf6 37. Qc5 Re7 38. Qd6+ Re6 39. Qd8+ Kf7
40. Nc5 Qc1+ 41. Kf2 Qxc5 0-1

[Event "Madrid-ch 2018-2019 - Previa A"]
[Site "Madrid ESP"]
[Date "2019.02.12"]
[Round "6.21"]
[White "Perez Agusti, Luis"]
[Black "Bellagamba, Pascal"]
[Result "1-0"]
[WhiteElo "1934"]
[BlackElo "1649"]
[PlyCount "55"]
[EventDate "2019.02.04"]
[EventType "swiss"]
[EventRounds "9"]
[EventCountry "ESP"]
[SourceTitle "Ajedrez en Madrid"]
[Source "lmi"]
[SourceDate "2019.02.04"]
[SourceVersion "1"]
[SourceVersionDate "2019.02.22"]
[SourceQuality "1"]

1. d4 Nf6 2. Nf3 g6 3. Bf4 Bg7 4. e3 d6 5. Be2 O-O 6. O-O c6 7. c4 Nbd7 8. Nc3
h6 9. h3 Nh5 10. Bh2 Re8 11. Rc1 e5 12. g4 Nhf6 13. b4 e4 14. Nd2 a6 15. Bxd6
Re6 16. Bg3 b5 17. Qc2 Qe7 18. d5 cxd5 19. cxd5 Rb6 20. d6 Qe6 21. Ncxe4 Bb7
22. Nc5 Rc8 23. Nxe6 Rxc2 24. Rxc2 fxe6 25. Bf3 Nd5 26. Bxd5 exd5 27. Rc7 Ne5
28. Rxg7+ 1-0

[Event "Madrid-ch 2018-2019 - Previa A"]
[Site "Madrid ESP"]
[Date "2019.02.12"]
[Round "6.22"]
[White "Cujba, Anca-Claudia"]
[Black "Alvarez Abejon, Amilcar"]
[Result "1-0"]
[WhiteElo "1576"]
[BlackElo "1919"]
[PlyCount "81"]
[EventDate "2019.02.04"]
[EventType "swiss"]
[EventRounds "9"]
[EventCountry "ESP"]
[SourceTitle "Ajedrez en Madrid"]
[Source "lmi"]
[SourceDate "2019.02.04"]
[SourceVersion "1"]
[SourceVersionDate "2019.02.22"]
[SourceQuality "1"]

1. d4 d5 2. Nf3 Nf6 3. e3 e6 4. Bd3 b6 5. O-O Bd6 6. b3 Ba6 7. Bb2 Bxd3 8. cxd3
O-O 9. Ne5 c5 10. dxc5 bxc5 11. d4 Nbd7 12. Nxd7 Qxd7 13. dxc5 Bxc5 14. Bxf6
gxf6 15. Qf3 f5 16. Nc3 Rac8 17. Rfd1 Bd6 18. Ne2 Be5 19. Nd4 Rc3 20. Rab1 Rfc8
21. g3 Qe7 22. b4 Qf6 23. Qe2 Bxd4 24. Rxd4 Qe7 25. b5 Qa3 26. Qh5 Qxa2 27. Rf1
R3c4 28. Qg5+ Kf8 29. Qh6+ Ke7 30. Qg5+ Kd6 31. Qf6 Rf8 32. Rxc4 Qxc4 33. Ra1
Qxb5 34. Rxa7 Qb1+ 35. Kg2 Qe4+ 36. f3 Qxe3 37. Qe7+ Ke5 38. f4+ Ke4 39. Ra4+
d4 40. Qb7+ Kd3 41. Ra3+ 1-0

[Event "Madrid-ch 2018-2019 - Previa A"]
[Site "Madrid ESP"]
[Date "2019.02.12"]
[Round "6.23"]
[White "Fernandez Aransay, Fernando"]
[Black "Boni De Aristizabal, Marco"]
[Result "1-0"]
[WhiteElo "1869"]
[BlackElo "1662"]
[PlyCount "199"]
[EventDate "2019.02.04"]
[EventType "swiss"]
[EventRounds "9"]
[EventCountry "ESP"]
[SourceTitle "Ajedrez en Madrid"]
[Source "lmi"]
[SourceDate "2019.02.04"]
[SourceVersion "1"]
[SourceVersionDate "2019.02.22"]
[SourceQuality "1"]

1. e4 c6 2. d4 d5 3. exd5 cxd5 4. Bd3 Nc6 5. c3 Nf6 6. Bf4 e6 7. Nf3 Bd6 8.
Bxd6 Qxd6 9. O-O O-O 10. Qe2 a6 11. Nbd2 b5 12. a3 h6 13. Ne5 Bb7 14. Rae1 Na5
15. Bb1 Nc4 16. Nb3 Rac8 17. Qc2 Rc7 18. Ng4 Re8 19. Nxf6+ gxf6 20. Qh7+ Kf8
21. Qxh6+ Ke7 22. Re2 Rcc8 23. h3 Rh8 24. Bh7 Rcg8 25. Nc5 Bc8 26. f4 Rg6 27.
Qh5 Rg7 28. Qf3 Rhxh7 29. b3 Nb6 30. Nd3 Kf8 31. Nf2 Rg6 32. Rfe1 Rhg7 33. Ng4
Bd7 34. Qe3 f5 35. Ne5 Rg3 36. Qd2 Rxh3 37. Re3 Rh8 38. Rf3 Rhg8 39. Re2 Qe7
40. Rh3 Rg3 41. Rh2 Qf6 42. Qe1 R3g7 43. c4 bxc4 44. bxc4 Ke7 45. Qb4+ Ke8 46.
Qxb6 Qd8 47. Qxa6 Qc7 48. Nxd7 Kxd7 49. Qb5+ Kd8 50. Rb2 Qxf4 51. Qb8+ Qxb8 52.
Rxb8+ Kc7 53. Rxg8 Rxg8 54. cxd5 exd5 55. Rh7 Kd6 56. Rxf7 Ke6 57. Rb7 Rg4 58.
Rb6+ Kd7 59. Rb4 Rg3 60. a4 Ra3 61. Kf2 Kc6 62. g3 Kc7 63. Rb5 Kc6 64. Rc5+ Kd6
65. a5 Rd3 66. Rc1 Rxd4 67. Ra1 Rb4 68. a6 Rb8 69. a7 Ra8 70. Ke3 Ke5 71. Ra5
Kd6 72. Kd4 Kc6 73. Rc5+ Kb6 74. Rxd5 Rxa7 75. Rxf5 Ra4+ 76. Kd5 Rg4 77. Rf3
Kb5 78. Rb3+ Ka4 79. Re3 Kb5 80. Ke5 Kc5 81. Kf5 Rg8 82. g4 Kd4 83. Re7 Kd5 84.
Rd7+ Kc6 85. Rd1 Rf8+ 86. Kg5 Rg8+ 87. Kf4 Rf8+ 88. Kg3 Rg8 89. Ra1 Kd5 90.
Ra5+ Ke6 91. Rf5 Rg7 92. Kf4 Rg8 93. g5 Rg7 94. Rf6+ Ke7 95. Kf5 Rf7 96. Ke5
Rxf6 97. gxf6+ Kf7 98. Kf5 Ke8 99. Kg6 Kf8 100. f7 1-0

[Event "Madrid-ch 2018-2019 - Previa A"]
[Site "Madrid ESP"]
[Date "2019.02.12"]
[Round "6.24"]
[White "Mejias Gonzalez, Pedro"]
[Black "Marcos Herrero, Francisco"]
[Result "0-1"]
[WhiteElo "1574"]
[BlackElo "1837"]
[PlyCount "74"]
[EventDate "2019.02.04"]
[EventType "swiss"]
[EventRounds "9"]
[EventCountry "ESP"]
[SourceTitle "Ajedrez en Madrid"]
[Source "lmi"]
[SourceDate "2019.02.04"]
[SourceVersion "1"]
[SourceVersionDate "2019.02.22"]
[SourceQuality "1"]

1. b3 e5 2. Bb2 Nc6 3. e4 Nf6 4. d3 Be7 5. Nf3 d6 6. g3 h5 7. Bg2 h4 8. Nxh4 g6
9. O-O Be6 10. Nd2 Qd7 11. Ndf3 Bg4 12. Qd2 O-O-O 13. Ng5 Qe8 14. f4 Nh7 15. a4
Nxg5 16. fxg5 Rh5 17. Qf2 Bxg5 18. Qxf7 Bxh4 19. Qxe8 Rxe8 20. gxh4 Rxh4 21.
Rf6 Rg8 22. Raf1 Rhh8 23. Bf3 Bd7 24. c3 g5 25. d4 g4 26. Bg2 Kd8 27. d5 Ne7
28. c4 b6 29. Bc1 Ke8 30. Rf7 Ng6 31. Bg5 Rh5 32. Be3 Nh4 33. R7f2 Nf3+ 34.
Bxf3 gxf3+ 35. Kh1 Bh3 36. Rxf3 Bg2+ 37. Kg1 Bxf3+ 0-1

[Event "Madrid-ch 2018-2019 - Previa A"]
[Site "Madrid ESP"]
[Date "2019.02.12"]
[Round "6.25"]
[White "Corral Aragon, Juan Maria"]
[Black "Cumita Waschke, Fran"]
[Result "0-1"]
[WhiteElo "1789"]
[BlackElo "1529"]
[PlyCount "74"]
[EventDate "2019.02.04"]
[EventType "swiss"]
[EventRounds "9"]
[EventCountry "ESP"]
[SourceTitle "Ajedrez en Madrid"]
[Source "lmi"]
[SourceDate "2019.02.04"]
[SourceVersion "1"]
[SourceVersionDate "2019.02.22"]
[SourceQuality "1"]

1. e4 c5 2. Nf3 Nc6 3. d4 e6 4. d5 Qa5+ 5. Bd2 Nb4 6. a3 b5 7. Nc3 Nxc2+ 8.
Qxc2 b4 9. Qa4 Qb6 10. axb4 cxb4 11. Be3 Qb7 12. Nb5 a6 13. d6 axb5 14. Qxa8
Bxd6 15. Qxb7 Bxb7 16. Bxb5 Bxe4 17. O-O Ke7 18. Ra7 Nf6 19. Bg5 Rd8 20. Nd4
Bc5 21. Rc7 Bxd4 22. Rd1 e5 23. Kh1 Rb8 24. Bxf6+ gxf6 25. Bxd7 Kd6 26. Ra7 Bd5
27. Rxd4 exd4 28. Bf5 Re8 29. h3 h5 30. Bd3 Re1+ 31. Kh2 Rd1 32. Ra6+ Ke5 33.
f4+ Kxf4 34. Rxf6+ Ke3 35. Bf1 d3 36. Rf5 Be4 37. Rxf7 Rb1 0-1

[Event "Madrid-ch 2018-2019 - Previa A"]
[Site "Madrid ESP"]
[Date "2019.02.12"]
[Round "6.26"]
[White "Castro Uceda, Jose Antonio"]
[Black "Lopez Peral, Enrique"]
[Result "1/2-1/2"]
[WhiteElo "1518"]
[BlackElo "1714"]
[PlyCount "44"]
[EventDate "2019.02.04"]
[EventType "swiss"]
[EventRounds "9"]
[EventCountry "ESP"]
[SourceTitle "Ajedrez en Madrid"]
[Source "lmi"]
[SourceDate "2019.02.04"]
[SourceVersion "1"]
[SourceVersionDate "2019.02.22"]
[SourceQuality "1"]

1. d4 d5 2. Bf4 Nf6 3. e3 Bf5 4. c3 e6 5. Qb3 Qc8 6. Nf3 Be7 7. Nbd2 O-O 8. c4
c6 9. c5 Ne4 10. Nxe4 Bxe4 11. Be2 Nd7 12. O-O f6 13. Nd2 Bg6 14. e4 Bf7 15.
Qg3 e5 16. dxe5 fxe5 17. Bxe5 Nxe5 18. Qxe5 Bxc5 19. Qc3 Bb6 20. exd5 Bxd5 21.
Bc4 Qf5 22. Nf3 Rad8 1/2-1/2

[Event "Madrid-ch 2018-2019 - Previa A"]
[Site "Madrid ESP"]
[Date "2019.02.12"]
[Round "6.27"]
[White "Enriquez Pastor, Jorge"]
[Black "De La Fuente Ebro, Miguel"]
[Result "0-1"]
[WhiteElo "1492"]
[BlackElo "1689"]
[PlyCount "90"]
[EventDate "2019.02.04"]
[EventType "swiss"]
[EventRounds "9"]
[EventCountry "ESP"]
[SourceTitle "Ajedrez en Madrid"]
[Source "lmi"]
[SourceDate "2019.02.04"]
[SourceVersion "1"]
[SourceVersionDate "2019.02.22"]
[SourceQuality "1"]

1. e4 e6 2. d4 d5 3. e5 c5 4. c3 Nc6 5. Nf3 Qb6 6. a3 Nge7 7. b4 cxd4 8. cxd4
Nf5 9. Bb2 Be7 10. Be2 O-O 11. O-O Bd7 12. b5 Na5 13. Nc3 Rac8 14. Na4 Qd8 15.
Rc1 Nc4 16. Bxc4 Rxc4 17. Nc3 Qb6 18. Qb3 Nxd4 19. Nxd4 Rxd4 20. Rfe1 Rd2 21.
Rf1 Bc5 22. Nd1 Bxb5 23. Qc3 Rxb2 24. Re1 Bxf2+ 25. Kh1 Bxe1 26. Qxb2 Ba5 27.
Rc2 Ba4 28. Qxb6 Bxb6 29. Rc1 Bxd1 30. Rxd1 Rc8 31. g3 g6 32. Rd3 Rc2 33. Rd1
Rc3 34. Kg2 Bc7 35. Rb1 b6 36. a4 Bxe5 37. a5 bxa5 38. Rb7 Rc7 39. Rb5 Bc3 40.
Kf3 a4 41. Ke3 a3 42. Rb8+ Kg7 43. h4 a2 44. h5 a1=Q 45. h6+ Kxh6 0-1

[Event "Madrid-ch 2018-2019 - Previa A"]
[Site "Madrid ESP"]
[Date "2019.02.12"]
[Round "6.28"]
[White "Ramos Antona, Enrique"]
[Black "Marivela Santos, Juan Carlos"]
[Result "0-1"]
[WhiteElo "1521"]
[BlackElo "1677"]
[PlyCount "58"]
[EventDate "2019.02.04"]
[EventType "swiss"]
[EventRounds "9"]
[EventCountry "ESP"]
[SourceTitle "Ajedrez en Madrid"]
[Source "lmi"]
[SourceDate "2019.02.04"]
[SourceVersion "1"]
[SourceVersionDate "2019.02.22"]
[SourceQuality "1"]

1. d4 Nf6 2. c4 e6 3. Nf3 b6 4. g3 Bb7 5. Bg2 Bb4+ 6. Bd2 Bxd2+ 7. Nbxd2 O-O 8.
Qc2 Na6 9. a3 c5 10. O-O d5 11. Rfd1 Qe7 12. Rac1 Rfc8 13. Qb1 cxd4 14. Nxd4
Nc5 15. b4 Nce4 16. Nxe4 Nxe4 17. cxd5 Nc3 18. Qd3 Nxd1 19. Rxd1 exd5 20. Nf5
Qf6 21. Qb1 Rd8 22. e3 Rac8 23. Nd4 a6 24. h4 Rc4 25. Bf3 Rxd4 26. Rxd4 Qxf3
27. Rf4 Qh5 28. Rf5 Qg4 29. Kh2 Qe4 0-1

[Event "Madrid-ch 2018-2019 - Previa A"]
[Site "Madrid ESP"]
[Date "2019.02.12"]
[Round "6.30"]
[White "Martinez Martinez, Javier II"]
[Black "De Dompablo Fantova, Juan"]
[Result "1-0"]
[WhiteElo "1588"]
[BlackElo "1678"]
[PlyCount "131"]
[EventDate "2019.02.04"]
[EventType "swiss"]
[EventRounds "9"]
[EventCountry "ESP"]
[SourceTitle "Ajedrez en Madrid"]
[Source "lmi"]
[SourceDate "2019.02.04"]
[SourceVersion "1"]
[SourceVersionDate "2019.02.22"]
[SourceQuality "1"]

1. d4 Nf6 2. Nf3 g6 3. b3 Bg7 4. Bb2 O-O 5. e3 d6 6. Bd3 Nbd7 7. O-O Re8 8.
Nbd2 c6 9. Rc1 Nd5 10. c4 N5f6 11. c5 dxc5 12. dxc5 Nxc5 13. Bc4 Nd3 14. Bxd3
Qxd3 15. Rc3 Qf5 16. Rc2 Rd8 17. Qc1 Qa5 18. Rd1 Bf5 19. Rc4 Be6 20. Ra4 Qc7
21. Be5 Qc8 22. Rd4 Nd5 23. Bxg7 Kxg7 24. Qb2 Nf6 25. Ne4 Qc7 26. h3 Rxd4 27.
Qxd4 Qb6 28. Nc5 h6 29. Nxe6+ fxe6 30. Qe5 Rd8 31. Rxd8 Qxd8 32. Qxe6 Qd1+ 33.
Kh2 Qd6+ 34. Qe5 Qxe5+ 35. Nxe5 Nd5 36. Nd3 Nc3 37. a4 Kf6 38. f3 b6 39. Kg3 c5
40. Kf2 c4 41. bxc4 Nxa4 42. Ke2 Nc5 43. Nxc5 bxc5 44. Kd3 Kf5 45. g3 Ke5 46.
Kc3 Kd6 47. Kb3 Kc6 48. Ka4 Kb6 49. e4 Kc7 50. Kb5 Kd6 51. f4 e5 52. Ka6 exf4
53. gxf4 g5 54. e5+ Ke6 55. fxg5 hxg5 56. Kxa7 Kxe5 57. Kb6 Kf4 58. Kxc5 Kg3
59. Kd5 Kxh3 60. c5 g4 61. c6 g3 62. c7 g2 63. c8=Q+ Kh2 64. Qh8+ Kg1 65. Ke4
Kf1 66. Qf6+ 1-0

[Event "Madrid-ch 2018-2019 - Previa A"]
[Site "Madrid ESP"]
[Date "2019.02.12"]
[Round "6.31"]
[White "Rodriguez Bachiller, Luis"]
[Black "Martinez Carrasco, Jesus"]
[Result "0-1"]
[WhiteElo "1635"]
[BlackElo "1567"]
[PlyCount "114"]
[EventDate "2019.02.04"]
[EventType "swiss"]
[EventRounds "9"]
[EventCountry "ESP"]
[SourceTitle "Ajedrez en Madrid"]
[Source "lmi"]
[SourceDate "2019.02.04"]
[SourceVersion "1"]
[SourceVersionDate "2019.02.22"]
[SourceQuality "1"]

1. d4 Nf6 2. Bf4 g6 3. e3 Bg7 4. Nd2 O-O 5. Be2 d5 6. Ngf3 Nbd7 7. O-O Nh5 8.
Bg5 Nhf6 9. c4 c5 10. Qb3 cxd4 11. Nxd4 dxc4 12. Nxc4 Ne4 13. Bh4 Ndc5 14. Qd1
g5 15. Bg3 Nxg3 16. fxg3 Ne6 17. Nxe6 Bxe6 18. Qxd8 Rfxd8 19. Rad1 Rac8 20.
Rxd8+ Rxd8 21. b3 h6 22. Na5 b6 23. Nc6 Rd7 24. Rd1 Rc7 25. Rd8+ Bf8 26. Nd4
Bc8 27. Bc4 a6 28. h3 b5 29. Bf1 Kg7 30. g4 e6 31. Nf3 Be7 32. Rd2 f6 33. Nd4
Kf7 34. Rc2 Rxc2 35. Nxc2 Bb7 36. Bd3 Bc5 37. Kf1 Ke7 38. e4 Kd6 39. Ne1 Bb6
40. Ke2 b4 41. Nf3 a5 42. Nd2 Bc7 43. Nc4+ Kc5 44. Ke3 Bc6 45. Be2 Bf4+ 46. Kf2
Bc7 47. Ke3 a4 48. Nb2 Bf4+ 49. Kf3 axb3 50. axb3 Kd4 51. Nd1 Bxe4+ 52. Kf2 Bc2
53. g3 Bd6 54. h4 Bxb3 55. hxg5 hxg5 56. Nb2 Kc3 57. Nd3 Bc4 0-1